logo

Bir Sreshtho Munshi Abdur Rouf Library
Jhenaidah Cadet College

The maze runner / (Record no. 12743)

MARC details
000 -LEADER
fixed length control field 00999nam a2200289 a 4500
001 - CONTROL NUMBER
control field 12743
003 - CONTROL NUMBER IDENTIFIER
control field BD-JhCC
005 - DATE AND TIME OF LATEST TRANSACTION
control field 20230510095430.0
007 - PHYSICAL DESCRIPTION FIXED FIELD--GENERAL INFORMATION
fixed length control field ta
008 - FIXED-LENGTH DATA ELEMENTS--GENERAL INFORMATION
fixed length control field 230510e20142010xxk j |||||||0|f eng|d
020 ## - INTERNATIONAL STANDARD BOOK NUMBER
International Standard Book Number 9789351033134
035 ## - SYSTEM CONTROL NUMBER
System control number (UK-WkNB)9781910002490
035 ## - SYSTEM CONTROL NUMBER
System control number (BD-JhCC)12743
040 ## - CATALOGING SOURCE
Original cataloging agency UK-WkNB
Language of cataloging eng
Transcribing agency UK-WkNB
Modifying agency BD-JhCC
049 ## - LOCAL HOLDINGS (OCLC)
Holding library CROBAR
082 04 - DEWEY DECIMAL CLASSIFICATION NUMBER
Classification number 813.6
Item number DAS 2014
100 1# - MAIN ENTRY--PERSONAL NAME
Personal name Dashner, James,
Dates associated with a name 1972-
245 14 - TITLE STATEMENT
Title The maze runner /
Statement of responsibility, etc. James Dashner.
260 ## - PUBLICATION, DISTRIBUTION, ETC.
Place of publication, distribution, etc. Somerset :
Name of publisher, distributor, etc. Chicken House Ltd :
-- [distributor] HarperCollins Distribution Services :
-- [distributor] Scholastic Australia Pty Ltd :
-- [distributor] Scholastic New Zealand Limited :
-- [distributor] Juta & Company Ltd,
Date of publication, distribution, etc. 2014.
300 ## - PHYSICAL DESCRIPTION
Extent 371 p. ;
Dimensions 20x13 cm.
366 ## - TRADE AVAILABILITY INFORMATION
Detailed date of publication 20141002
Availability status code IP 20141003
Publishers's discount category ASCHO001
ISO country code GB
MARC country code xxk
Identification of agency HarperCollins Distribution Services
Source of availability status code UK-WkNB
500 ## - GENERAL NOTE
General note Hardback.
500 ## - GENERAL NOTE
General note Slip-cased.
650 ## - SUBJECT ADDED ENTRY--TOPICAL TERM
Topical term or geographic name entry element Cooperativeness
650 ## - SUBJECT ADDED ENTRY--TOPICAL TERM
Topical term or geographic name entry element Science fiction
942 ## - ADDED ENTRY ELEMENTS (KOHA)
Source of classification or shelving scheme Dewey Decimal Classification
Koha item type Books
Holdings
Withdrawn status Lost status Source of classification or shelving scheme Damaged status Not for loan Home library Current library Shelving location Date acquired Total Checkouts Full call number Barcode Date last seen Date last checked out Copy number Price effective from Koha item type
    Dewey Decimal Classification     JCC Rouf Library JCC Rouf Library General Stacks 05/10/2023 17 813.6 DAS 2014 17731 02/09/2026 01/27/2026 C-1 05/10/2023 Books

JCC Library | Contacts | JCC Home

Last Update on 23 September 2017
Copyright @ 2017-2020 JCC Rouf Library
Rouf Library, Jhenidah Cadet College (JCC), Bangladesh